[Event "ECC"]
[Site "Panormo GRE"]
[Date "2001.09.28"]
[Round "6"]
[White "Avrukh,B"]
[Black "Portisch,L"]
[Result "1/2-1/2"]
[WhiteElo "2598"]
[BlackElo "2591"]

1.d4 Nf6 2.c4 e6 3.g3 d5 4.Nf3 Be7 5.Bg2 O-O 6.O-O Nbd7 7.Qc2 c6 8.Rd1 b6
9.Bf4 Bb7 10.Nc3 dxc4 11.Nd2 Nd5 12.Nxc4 Nxf4 13.gxf4 Qc7 14.e3 Rfd8 15.a3 Rac8
16.b4 Nf8 17.Rac1 Ng6 18.Be4 f5 19.Bh1 Kh8 20.Qb3 c5 21.d5 Bf8 22.d6 Qf7
23.Ne5 Nxe5 24.Bxb7 Qg6+ 25.Kf1 c4 26.Qc2 Ng4 27.h3 Nh2+ 28.Ke1 Rb8 29.Bh1 Bxd6
30.f3 Qg1+ 31.Ke2 Qg3 32.Rg1 Qxh3 33.Nb5 Bf8 34.Qxc4 Re8 35.Qc7 Rbd8 36.Nd4 Qh6
37.Rc6 Qh4 38.Rc2 g6 39.Nc6 Rc8 40.Qd7 Bg7 41.Rd2 e5 42.Rd6 exf4 43.Re6 Rf8
44.exf4 Qxf4 45.Rd1 g5 46.Re7 g4 47.Rxg7 gxf3+ 48.Kd3 Qe4+ 49.Kd2 Qe2+ 50.Kc1 Rxc6+
51.Qxc6 Qe3+ 52.Kc2 Kxg7 53.Qc7+ Kh8 54.Rd7 Qh6 55.Rd6 Qf4 56.Qc3+ Kg8 57.Rd7 Qh6
58.Qc4+ Kh8 59.Qc3+ Qf6 60.Qc7 h6 61.Rd6 Qg7 62.Rd7 Qf6 63.Rd6 Qg7  1/2-1/2

[Event "10th Monarch Assurance"]
[Site "Port Erin IOM"]
[Date "2001.09.30"]
[Round "2"]
[White "Lalic,B"]
[Black "Jackson,A"]
[Result "1-0"]
[WhiteElo "2528"]
[BlackElo "2230"]

1.d4 Nf6 2.c4 e6 3.g3 d5 4.Bg2 Be7 5.Nf3 O-O 6.Qc2 a6 7.Nbd2 Nc6 8.O-O dxc4
9.Qxc4 Qd5 10.e3 Qxc4 11.Nxc4 Bd7 12.b3 Rab8 13.Bb2 Rfd8 14.Rfd1 Be8 15.Rac1 Nb4
16.a3 Nbd5 17.Nfe5 c6 18.Nd3 Nd7 19.e4 Nc7 20.a4 h6 21.Bc3 Na8 22.Bd2 Bg5
23.f4 Be7 24.Be3 Nc7 25.Bf2 Rdc8 26.Nc5 Rd8 27.Nxb7 Rxb7 28.Na5 Rdb8 29.Nxb7 Rxb7
30.Rxc6 Nf6 31.Rc2 Bd7 32.h3 Bd8 33.Rd3 Kf8 34.g4 Nfe8 35.d5 exd5 36.exd5 Be7
37.d6 Bxd6 38.Bxb7  1-0

[Event "Tatry Open"]
[Site "High Tatras SVK"]
[Date "2001.09.31"]
[Round "3"]
[White "Jablonicky,F"]
[Black "Tyda,K"]
[Result "0-1"]
[WhiteElo "2198"]
[BlackElo "2078"]

1.Nf3 d5 2.d4 Nf6 3.c4 e6 4.g3 Be7 5.Bg2 O-O 6.Nbd2 c5 7.cxd5 exd5 8.O-O Nc6
9.dxc5 Bxc5 10.Nb3 Be7 11.Nbd4 Re8 12.b3 Ne4 13.Bb2 Bf6 14.Rc1 Qb6 15.h3 Bd7
16.Qd3 Rac8 17.a3 Rc7 18.e3 a6 19.Rfd1 Rec8 20.Nxc6 bxc6 21.Bxf6 Nxf6 22.Ne5 Be6
23.b4 a5 24.Rb1 axb4 25.axb4 Rb7  0-1

[Event "Tatry Open"]
[Site "High Tatras SVK"]
[Date "2001.10.02"]
[Round "5"]
[White "Jablonicky,F"]
[Black "Szaraz,V"]
[Result "1-0"]
[WhiteElo "2198"]
[BlackElo "2082"]

1.Nf3 d5 2.d4 Nf6 3.c4 e6 4.g3 Be7 5.Bg2 O-O 6.Nbd2 Nbd7 7.O-O c6 8.Re1 h6
9.e4 dxe4 10.Nxe4 Nxe4 11.Rxe4 Nf6 12.Re1 Bd6 13.b3 Bb4 14.Re3 c5 15.Bb2 cxd4
16.Qxd4 Qxd4 17.Bxd4 Be7 18.Rd1 a5 19.Ne5 a4 20.Red3 axb3 21.axb3 Ra5 22.f4 Ra2
23.Bb6 h5 24.h3 Kh7 25.Kh1 Ng8 26.Nd7 Bxd7 27.Rxd7 Rb2 28.Be4+ g6 29.Rb1 Rxb1+
30.Bxb1 Ra8 31.Bd4 Rd8 32.Rxd8 Bxd8 33.c5 Ne7 34.Be4 Nc6 35.Bc3 f5 36.Bxc6 bxc6
37.b4 h4 38.gxh4 Bxh4 39.b5 cxb5 40.c6 Bd8 41.Be5 b4 42.c7 Bxc7 43.Bxc7 b3
44.Be5 Kh6 45.Bf6 Kh5 46.Kg2 g5 47.fxg5 f4 48.h4  1-0

[Event "TCh-BUL"]
[Site "Pamporovo BUL"]
[Date "2001.10.04"]
[Round "2"]
[White "Tashkov,R"]
[Black "Kazakov,D"]
[Result "0-1"]
[WhiteElo "2255"]
[BlackElo "2197"]

1.d4 d5 2.c4 e6 3.Nf3 Nf6 4.g3 Be7 5.Bg2 O-O 6.O-O dxc4 7.Ne5 Nc6 8.Nxc6 bxc6
9.e3 Nd5 10.Qa4 a5 11.Qxc6 Rb8 12.Qxc4 Qd6 13.Rd1 Ba6 14.Qc2 Rfc8 15.Nc3 Nb4
16.Qb1 c5 17.d5 c4 18.e4 Nd3 19.Qc2 Bf6 20.Rb1 Bd4 21.Be3 Bxe3 22.fxe3 Qc5
23.Qe2 e5 24.Rd2 Rb4 25.Rf1 Rcb8 26.Nd1 a4 27.Qh5 R4b7 28.Bh3 g6 29.Qh6 Qf8
30.Qg5 Qe7 31.Qh6 Rb6 32.Nf2 Rf6 33.Ng4 Rxf1+ 34.Bxf1 Rxb2 35.Rxb2 Nxb2 36.Qh3 Qg5
37.Qg2  0-1

[Event "Tatry Open"]
[Site "High Tatras SVK"]
[Date "2001.10.05"]
[Round "8"]
[White "Volodin,V"]
[Black "Dobias,R"]
[Result "1/2-1/2"]
[WhiteElo "2311"]
[BlackElo "2176"]

1.Nf3 e6 2.c4 d5 3.d4 Nf6 4.g3 Be7 5.Bg2 O-O 6.O-O dxc4 7.Qc2 a6 8.a4 Bd7
9.Qxc4 Bc6 10.Bg5 Nbd7 11.Nc3 h6 12.Bd2 Nb6 13.Qd3 Nbd5 14.Rfd1 Nxc3 15.Qxc3 Ne4
16.Qc2 Nxd2 17.Rxd2 Bb4 18.Rdd1 Bxf3 19.Bxf3 c6 20.e3 Qe7 21.Qb3 Rac8 22.Rac1 Rc7
23.Be4 Rfc8 24.Bb1 Bd6 25.Qd3 g6 26.h4 h5 27.Kg2 c5 28.dxc5 Rxc5 29.Rxc5 Bxc5
30.Qd7 Rc7 31.Qd8+ Qxd8 32.Rxd8+ Kg7 33.Rd1 Kf6 34.Kf3 Ke7 35.Ke2 Rd7 36.Rc1 b6
37.a5 Kd6 38.b4 Bxb4 39.Rd1+ Ke7 40.axb6 Rb7 41.Bc2 Rxb6 42.Ra1 a5 43.Ba4 Rd6
44.Ra2 e5 45.Rc2 f5 46.Rc7+ Kf8 47.Ra7 Re6 48.Bb3 Re7 49.Ra6 Kg7 50.Ba4 e4
51.Bb5 Bc3 52.Ba4  1/2-1/2

[Event "Bundesliga 2001-2"]
[Site "Castrop Rauxel GER"]
[Date "2001.10.07"]
[Round "2"]
[White "Haba,P"]
[Black "Nielsen,PH"]
[Result "1/2-1/2"]
[WhiteElo "2482"]
[BlackElo "2593"]

1.d4 Nf6 2.c4 e6 3.g3 d5 4.Bg2 Be7 5.Nf3 O-O 6.O-O dxc4 7.Qc2 a6 8.Qxc4 b5
9.Qc2 Bb7 10.Bg5 Nbd7 11.Bxf6 Nxf6 12.Nbd2 Rc8 13.Nb3 c5 14.dxc5 Be4 15.Qc3 Bd5
16.Rfd1 Ne4 17.Qe1 Bxc5 18.Nxc5 Rxc5 19.Nd2 Qa8  1/2-1/2

[Event "Bundesliga 2001-2"]
[Site "Castrop Rauxel GER"]
[Date "2001.10.07"]
[Round "2"]
[White "Georgiev,Ki"]
[Black "Beliavsky,A"]
[Result "1/2-1/2"]
[WhiteElo "2695"]
[BlackElo "2659"]

1.Nf3 d5 2.d4 Nf6 3.c4 e6 4.g3 Be7 5.Bg2 O-O 6.O-O dxc4 7.Qc2 a6 8.a4 Bd7
9.Qxc4 Bc6 10.Bg5 Bd5 11.Qc2 Be4 12.Qc1 Nc6 13.Nbd2 Nxd4 14.Nxd4 Bxg2 15.Nxe6 fxe6
16.Kxg2 Qd5+ 17.Nf3 c5 18.a5 h6 19.Bxf6 Bxf6 20.Qc2 c4 21.Rfd1 Qb5 22.Nd4 Bxd4
23.Rxd4 Rac8 24.Qd2 Rc5 25.e4 Qc6 26.Rc1 e5 27.Rd5 Rxd5 28.exd5 Qd6 29.Rd1 Rb8
30.Qc3 b5 31.axb6 Rxb6 32.Rd2 Qb4 33.d6 Qxc3 34.bxc3 Rb8 35.Ra2 Rb6 36.Rd2 Rb8
37.Ra2 Rb6 38.d7 Rd6 39.Rxa6 Rxd7 40.Rc6 Rd3 41.Rxc4 e4 42.Kf1 Kf7 43.Ke2 g5
44.Rc6 h5 45.c4 Rc3 46.c5 h4 47.Rc8 e3 48.gxh4 gxh4 49.f4 Ke6 50.c6 Kd6 51.f5 Rc5
52.Rf8 Ke7 53.Rh8 Rxc6 54.Rh7+ Kf8 55.Kxe3 Rc3+ 56.Kf4 Rh3 57.Kg5 Rxh2 58.Kf6 Kg8
59.Rg7+ Kh8 60.Rg4 Kh7 61.Kf7 Kh6 62.f6 Rf2 63.Rg6+ Kh5 64.Kg7 h3 65.f7 Rxf7+
66.Kxf7 h2 67.Rg7 Kh4  1/2-1/2

[Event "ULIM Cup"]
[Site "Kishnev MDA"]
[Date "2001.10.11"]
[Round "5"]
[White "Nester,I"]
[Black "Madan,A"]
[Result "1-0"]
[WhiteElo "2258"]
[BlackElo "2139"]

1.Nf3 d5 2.d4 Nf6 3.c4 e6 4.g3 Be7 5.Bg2 O-O 6.O-O Nbd7 7.Nc3 c6 8.b3 b6
9.Bb2 Bb7 10.Nd2 Rb8 11.Rc1 h6 12.Rc2 a6 13.e4 dxe4 14.Ndxe4 Nxe4 15.Nxe4 Nf6
16.Nxf6+ Bxf6 17.c5 b5 18.h4 Rc8 19.Bc3 b4 20.Bxb4 Qxd4 21.Qxd4 Bxd4 22.Rd1 e5
23.Bc3 Bxc5 24.Bxe5 Bb4 25.Rc4 a5 26.Rd7 Rce8 27.Bxg7 Kxg7 28.Rxb7 Re1+ 29.Kh2 Re2
30.Rg4+ Kh8 31.Rf4 c5 32.a4 f5 33.Bf1 Rd2 34.Kg2 Rd4 35.Rxd4 cxd4 36.Kf3 h5
37.Bd3 Kg8 38.Rb5 Kg7 39.Rxf5 Rxf5+ 40.Bxf5 Kf6 41.Bd3 Be1 42.Kg2 Ke5 43.Kf1 Bb4
44.Bg6 Kf6 45.Bxh5 d3  1-0

[Event "It"]
[Site "Durres ALB"]
[Date "2001.10.12"]
[Round "2"]
[White "Rama,L"]
[Black "Dervishi,E"]
[Result "0-1"]
[WhiteElo "2311"]
[BlackElo "2501"]

1.Nf3 d5 2.d4 e6 3.c4 Nf6 4.g3 Be7 5.Bg2 O-O 6.O-O b6 7.Nc3 Bb7 8.Ne5 Na6
9.cxd5 exd5 10.Qa4 Qd6 11.Bf4 Qe6 12.Nd3 Ne4 13.Be3 g5 14.Bxe4 dxe4 15.d5 Bxd5
16.Nxd5 Qxd5 17.Qxa6 exd3 18.Qxd3 Qxd3 19.exd3 Rad8 20.d4 f5 21.f3 Bf6 22.Rac1 Rf7
23.Rc4 Re8 24.Bf2 Re2 25.Rfc1 Rxb2 26.Rxc7 Rxa2 27.Rxf7 Kxf7 28.Rc7+ Ke6
29.Rc6+ Kf7 30.d5 Be7 31.d6 Bd8 32.Rc8 Ke8 33.Rb8 Rd2 34.Be3 Rd1+ 35.Kg2 h6
36.h4 Rd3 37.Bc1 Kd7 38.Rb7+ Kxd6 39.Rxa7 Rc3 40.Ba3+ Kc6 41.Bf8 gxh4 42.gxh4 Rc2+
43.Kg1 Bxh4 44.Rf7 Bf2+ 45.Kh1 Bc5 46.Bxh6 Bd6 47.Be3 b5 48.Rxf5 b4 49.Bd4 b3
50.Bf6 Bb4 51.Rf4 Kb5 52.Re4 Bc3 53.Bxc3 Rxc3 54.Kg2 b2 55.Re8  0-1

[Event "4th WCh U20 Team"]
[Site "Rio de Janeiro BRA"]
[Date "2001.10.13"]
[Round "4"]
[White "Pinheiro,I"]
[Black "Liascovich,L"]
[Result "1-0"]
[WhiteElo "2151"]
[BlackElo "2338"]

1.Nf3 Nf6 2.d4 e6 3.c4 d5 4.g3 Be7 5.Bg2 O-O 6.O-O dxc4 7.Ne5 c5 8.dxc5 Qc7
9.Nxc4 Qxc5 10.Qb3 Nc6 11.Be3 Qh5 12.Nc3 Ng4 13.h3 Nxe3 14.Nxe3 Bc5 15.Nc2 e5
16.Kh2 Bb6 17.Na4 Bc7 18.Nc5 Rb8 19.Qc3 Qxe2 20.Bf3 Qb5 21.a4 Qb6 22.b4 e4
23.Be2 Be5 24.Qc4 Bxa1 25.Rxa1 Be6 26.Qxe4 Rfe8 27.Bd3 g6 28.Qf4 Ne7 29.a5 Qc6
30.Nd4 Qc8 31.Ndxe6 fxe6 32.Qg4 Nf5  1-0

[Event "It"]
[Site "Durres ALB"]
[Date "2001.10.14"]
[Round "4"]
[White "Karkanaque,I"]
[Black "Dervishi,E"]
[Result "0-1"]
[WhiteElo "2382"]
[BlackElo "2501"]

1.Nf3 d5 2.d4 e6 3.c4 Nf6 4.g3 Be7 5.Bg2 O-O 6.O-O dxc4 7.Qc2 a6 8.Qxc4 b5
9.Qc2 Bb7 10.Bd2 Be4 11.Qc1 Nbd7 12.Ba5 Ra7 13.Nbd2 Bd5 14.b4 Qa8 15.Rd1 Nb8
16.Nb3 Nc6 17.Nc5 h6 18.Qa3 Bxc5 19.dxc5 Qb7 20.Ne1 Bxg2 21.Nxg2 Raa8 22.Rd2 Rad8
23.Rad1 Rxd2 24.Rxd2 Rd8 25.Rxd8+ Nxd8 26.Ne3 Nc6 27.f3 Kf8 28.Kf2 Ke7 29.g4 Qc8
30.h4 Qd8 31.g5 hxg5 32.hxg5 Ne8 33.Qd3 Qxd3 34.exd3 f6 35.gxf6+ gxf6 36.f4 f5
37.Nc2 Kd7 38.d4 Nf6 39.Kf3 Nd5 40.a3 Ke7 41.Kf2 Kf7 42.Ne1 Nxd4 43.Nd3 Nc6
44.Kg3 Kf6  0-1

[Event "5th Itau Cup"]
[Site "Sao Paulo BRA"]
[Date "2001.10.14"]
[Round "2"]
[White "Hoffman,A"]
[Black "Franco,H"]
[Result "1-0"]
[WhiteElo "2506"]
[BlackElo "2126"]

1.d4 Nf6 2.c4 e6 3.g3 d5 4.Nf3 Be7 5.Bg2 O-O 6.O-O dxc4 7.Qc2 a6 8.a4 Bd7
9.Qxc4 b5 10.Qc2 Nc6 11.Ne5 Nb4 12.Qd1 Rb8 13.axb5 Bxb5 14.Nc3 Nd7 15.Nxb5 Nxe5
16.Na3 Nec6 17.e3 Nd5 18.Qe2 Ncb4 19.Rd1 Qd7 20.Bd2 Rfd8 21.Be1 Qe8 22.Rdc1 Rdc8
23.e4 Nf6 24.Nc2 c5 25.Nxb4 cxb4 26.Qxa6 Rd8 27.Qd3 Qd7 28.Rd1 e5 29.d5 Bc5
30.b3 Bd4 31.Ra4 Qd6 32.Bh3 Ne8 33.Kg2 Qc5 34.Bd2 Bxf2 35.Rc1 Qd4 36.Qe2 Nd6
37.Qxf2 Qxf2+ 38.Kxf2 Nxe4+ 39.Ke2 Nxd2 40.Kxd2 Rxd5+ 41.Ke2 Rbd8 42.Rc2 Rd4
43.Rca2 g5 44.Ra8 Rxa8 45.Rxa8+ Kg7 46.Ra7 Kf6 47.Rb7 h5 48.Bd7 h4 49.Be8 hxg3
50.hxg3 Kf5 51.Bxf7 Kg4 52.Bg6 Kxg3 53.Bd3 Rh4 54.Ke3  1-0

[Event "TCh-ESP"]
[Site "Cala Galdana ESP"]
[Date "2001.10.15"]
[Round "3"]
[White "Narciso Dublan,M"]
[Black "Vega Holm,F"]
[Result "1/2-1/2"]
[WhiteElo "2517"]
[BlackElo "2404"]

1.d4 d5 2.c4 e6 3.Nf3 Nf6 4.g3 Be7 5.Bg2 O-O 6.O-O dxc4 7.Na3 Bxa3 8.bxa3 Bd7
9.Ne5 Bc6 10.Nxc6 Nxc6 11.e3 Nd5 12.Qc2 b5 13.Bb2 Qd6 14.Rad1 Nb6 15.e4 Rad8
16.f4 Na4 17.e5 Qd7 18.d5 Ne7 19.dxe6 Qxe6  1/2-1/2

[Event "5th Itau Cup"]
[Site "Sao Paulo BRA"]
[Date "2001.10.20"]
[Round "8"]
[White "Hoffman,A"]
[Black "Pelikian,J"]
[Result "1-0"]
[WhiteElo "2506"]
[BlackElo "2410"]

1.d4 Nf6 2.Nf3 e6 3.c4 d5 4.g3 Be7 5.Bg2 c6 6.O-O O-O 7.Qc2 b5 8.b3 bxc4
9.bxc4 Nbd7 10.Bf4 Ba6 11.Nbd2 Qa5 12.Rfb1 Rac8 13.Nb3 Qa4 14.c5 Ne4 15.Ne1 g5
16.Bc1 Qb4 17.Nd3 Qc4 18.Rb2 Nc3 19.Na5 Nxe2+ 20.Qxe2 Qxd3 21.Qxd3 Bxd3 22.Rb7 Bf6
23.Rxd7 Bxd4 24.Nb3 Bxa1 25.Nxa1 h6 26.Nb3 a6 27.h4 Rfd8 28.Rd6 Bc4 29.hxg5 Bxb3
30.axb3 Rxd6 31.cxd6 Rd8 32.Ba3 hxg5 33.Bf1 Kf8 34.Bxa6 Ke8 35.Bc5 Ra8 36.Be2 f5
37.b4 Ra1+ 38.Kg2 Rb1 39.g4 f4 40.Bd3 Rb3 41.Bc2 Rc3 42.Bg6+ Kd7 43.Kf1 f3
44.Ke1 Rc4 45.Bh5 Rc2 46.Kd1 Ra2 47.Bg6 d4 48.Bc2 Ra1+ 49.Kd2 Rg1 50.b5 cxb5
51.Bd3 Kc6 52.Bxb5+ Kxb5 53.d7 Kxc5 54.d8=Q Rxg4 55.Kd3 Rf4 56.Qxg5+ Rf5
57.Qd8 Re5 58.Qf6 Kd6 59.Qd8+ Kc6 60.Qc8+ Kd6 61.Qd8+ Kc6 62.Qf6 Kd6 63.Qf4 Kd5
64.Qxd4+  1-0

[Event "TCh-SLO"]
[Site "Bled SLO"]
[Date "2001.10.21"]
[Round "4"]
[White "Kozul,Z"]
[Black "Ribli,Z"]
[Result "1/2-1/2"]
[WhiteElo "2569"]
[BlackElo "2564"]

1.d4 Nf6 2.c4 e6 3.Nf3 d5 4.g3 Be7 5.Bg2 O-O 6.O-O dxc4 7.Qc2 a6 8.a4 Bd7
9.Ne5 Bc6 10.Nxc6 Nxc6 11.e3 Na5 12.Nd2 c5 13.dxc5  1/2-1/2

[Event "TCh-SLO"]
[Site "Bled SLO"]
[Date "2001.10.22"]
[Round "5"]
[White "Ribli,Z"]
[Black "Zaja,I"]
[Result "1/2-1/2"]
[WhiteElo "2564"]
[BlackElo "2476"]

1.Nf3 d5 2.d4 Nf6 3.c4 e6 4.g3 Be7 5.Bg2 O-O 6.O-O dxc4 7.Qc2 a6 8.a4 Bd7
9.Qxc4 Bc6 10.Bg5 Bd5 11.Qc2 Be4 12.Qc1 a5 13.Nc3 Bd5 14.Bxf6 Bxf6 15.e4 Bc4
16.Rd1 Nc6 17.Qe3 Nb4 18.Rd2 c6 19.h4 Qb6 20.Bf1 Bxf1 21.Rxf1 Rad8 22.Rfd1 Rd7
23.g4 Bd8 24.Kg2 Bc7 25.h5 f6 26.Ne2 Kf7 27.Nfg1 Ke7 28.Nh3 Kd8 29.Nhf4 Re8
30.Qh3 Bxf4 31.Nxf4 Qc7 32.Qf3 Kc8 33.d5 exd5 34.exd5 Nxd5 35.Nxd5 Rxd5 36.Rxd5 cxd5
37.Rxd5 Re5 38.Rd4 h6 39.Qd3 Qc6+ 40.f3 Qb6 41.b3 Re7 42.Rd5 Re3 43.Qc4+ Kb8
44.Qf4+ Kc8 45.b4  1/2-1/2

[Event "TCh-SLO"]
[Site "Bled SLO"]
[Date "2001.10.23"]
[Round "6"]
[White "Tukmakov,V"]
[Black "Ribli,Z"]
[Result "1/2-1/2"]
[WhiteElo "2572"]
[BlackElo "2564"]

1.Nf3 Nf6 2.c4 e6 3.g3 d5 4.d4 Be7 5.Bg2 O-O 6.Qc2 c5 7.dxc5 Qa5+ 8.Nc3 dxc4
9.O-O Qxc5 10.Bg5 Bd7 11.Bxf6 Bxf6 12.Ne4 Qe7 13.Qxc4 Bc6 14.Nxf6+ Qxf6 15.Nd4 Bxg2
16.Kxg2 Nd7 17.Rfd1 Nb6 18.Qb3 Rad8 19.Nb5 Nc8 20.a4 h6 21.Rac1 Rxd1 22.Rxd1 Rd8
23.Nc3  1/2-1/2

[Event "Jonsson Mem Open"]
[Site "Reykjavik ISL"]
[Date "2001.10.25"]
[Round "3"]
[White "Schandorff,L"]
[Black "Kristjansson,S"]
[Result "1-0"]
[WhiteElo "2551"]
[BlackElo "2374"]

1.d4 Nf6 2.c4 e6 3.g3 d5 4.Bg2 Be7 5.Nf3 O-O 6.O-O dxc4 7.Qc2 a6 8.a4 Bd7
9.Qxc4 Bc6 10.Bg5 a5 11.Nc3 Na6 12.Bxf6 Bxf6 13.e4 Nb4 14.Rfd1 b6 15.Ne1 Bb7
16.e5 Bxg2 17.Kxg2 Be7 18.d5 Qc8 19.Nf3 Rd8 20.Qe4 exd5 21.Nxd5 Nxd5 22.Rxd5 Rxd5
23.Qxd5 c6 24.Qe4 Qd7 25.Rc1 Rc8 26.Rc3 h6 27.Rd3 Qe6 28.Nd4 Qc4 29.b3 Qd5
30.Qxd5 cxd5 31.Nf5 Bb4 32.Rxd5 Rc2 33.Nd4 Rb2 34.e6 fxe6 35.Nxe6 Rxb3 36.Rd7 Bc3
37.Rd3 Ra3 38.Kf3 Kf7 39.Nc7 Bb4 40.Rxa3 Bxa3 41.Ke4 Bd6 42.Nb5 Bc5 43.f4 Bg1
44.h3 Kf6 45.g4 g6 46.Nc7 Bc5 47.Kd5 Be3 48.Kc6 Kf7 49.Nd5 Bd2 50.Kxb6 Ke6
51.Kc5 h5 52.Kd4 hxg4 53.hxg4 Kd6 54.Ne3 Kc6 55.f5 gxf5 56.gxf5 Kd7 57.Nc4 Bb4
58.Ne5+ Kd6 59.Nd3 Bd2 60.Nf2 Ke7 61.Ne4 Bc1 62.Kd5 Bb2 63.Kc6 Ba3 64.Kb6 Bb4
65.Kb5 Kf7 66.Kc6 Ba3 67.Kd5 Bb2 68.Nd6+ Kf6 69.Ke4 Ba3 70.Nc4 Bb4 71.Ne3 Ba3
72.Ng4+ Kf7 73.Ne5+ Kf6 74.Nc6 Bf8 75.Nxa5 Ke7 76.Nc4 Kd7 77.Kd5 Bg7 78.Nd2 Kc7
79.Nc4  1-0

[Event "WYG16"]
[Site "Oropesa del Mar ESP"]
[Date "2001.10.26"]
[Round "6"]
[White "Le Thanh Tu"]
[Black "Bensdorp,M"]
[Result "1-0"]
[WhiteElo "2290"]
[BlackElo "2110"]

1.Nf3 d5 2.d4 Nf6 3.c4 e6 4.g3 Be7 5.Bg2 O-O 6.O-O c5 7.cxd5 Nxd5 8.Nc3 Nc6
9.e4 Nb6 10.dxc5 Bxc5 11.Qe2 e5 12.Rd1 Qe7 13.Nd5 Nxd5 14.exd5 Nb4 15.a3 Na6
16.Qxe5 Qd8 17.b4 Re8 18.Qc3 Bd6 19.Be3 Bd7 20.Qd3 Nc7 21.Bc5 Bb5 22.Qd4 Be2
23.Bxd6 Nb5 24.Qb2 Nxd6 25.Re1 Bxf3 26.Bxf3 Qg5 27.Rxe8+ Rxe8 28.Rc1 Nb5
29.h4 Qh6 30.Rd1 Nd6 31.Kg2 Qg6 32.Qd4 Nb5 33.Qc5 a6 34.d6 Rd8 35.d7  1-0

[Event "Jonsson Mem Open"]
[Site "Reykjavik ISL"]
[Date "2001.10.29"]
[Round "6"]
[White "Schandorff,L"]
[Black "Johannessen,LE"]
[Result "1/2-1/2"]
[WhiteElo "2551"]
[BlackElo "2429"]

1.d4 Nf6 2.c4 e6 3.g3 d5 4.Nf3 Be7 5.Bg2 O-O 6.O-O c6 7.Qc2 Nbd7 8.b3 b6
9.Rd1 Ba6 10.Nbd2 c5 11.e4 dxc4 12.Nxc4 cxd4 13.Nxd4 Rc8 14.a4 Bxc4 15.bxc4 Qc7
16.Bf1 Bc5 17.Kg2 Rfd8 18.Nb5 Qb8 19.f3 e5 20.a5 a6 21.Nc3 Bd4 22.Bd2 Qc7
23.axb6 Nxb6 24.Rxa6 Nxc4 25.Bxc4 Qxc4 26.Ra3 h6 27.Be1  1/2-1/2

[Event "Jonsson Mem Open"]
[Site "Reykjavik ISL"]
[Date "2001.10.29"]
[Round "6"]
[White "Thorfinnsson,Br"]
[Black "Steindorsson,S"]
[Result "1-0"]
[WhiteElo "2393"]
[BlackElo "2213"]

1.d4 Nf6 2.c4 e6 3.g3 d5 4.Nf3 Be7 5.Bg2 O-O 6.O-O b6 7.Ne5 Bb7 8.Nc3 Na6
9.cxd5 exd5 10.b3 c5 11.Bb2 Ne4 12.e3 Re8 13.Qh5 g6 14.Qe2 Nb4 15.Nxe4 dxe4
16.dxc5 Bxc5 17.Rfd1 Qg5 18.Nxf7 Kxf7 19.Rd7+ Re7 20.Rxb7 Rxb7 21.Bxe4 Nd5
22.h4 Qd8 23.Rd1 Rd7 24.Qf3+ Ke6 25.Bxd5+ Rxd5 26.Qe4+ Kf7 27.Rxd5  1-0

[Event "5th OIBM"]
[Site "Bad Wiessee GER"]
[Date "2001.10.31"]
[Round "5"]
[White "Psakhis,L"]
[Black "Borg,G"]
[Result "1-0"]
[WhiteElo "2573"]
[BlackElo "2344"]

1.c4 Nf6 2.Nf3 e6 3.d4 d5 4.g3 Be7 5.Bg2 O-O 6.O-O c6 7.Nc3 Nbd7 8.b3 b6
9.Bb2 Bb7 10.Qc2 Rc8 11.Rad1 Qc7 12.e4 dxe4 13.Nxe4 Nxe4 14.Qxe4 Nf6 15.Qc2 Rfd8
16.c5 Nd7 17.b4 a5 18.a3 axb4 19.axb4 Ba6 20.Rfe1 Rb8 21.Bc1 Rbc8 22.Ng5 Nf8
23.Bf4 Qb7 24.Ne4 bxc5 25.bxc5 Qb4 26.Bd6 Bxd6 27.Nxd6 Rxd6 28.cxd6 Qxd6
29.Qc5 Qd8 30.Ra1 Bb5 31.Rec1 h6 32.Ra7 Nh7 33.d5 exd5 34.Bxd5 Ng5 35.h4 Ne6
36.Bxe6 fxe6 37.Qe5 Qf6 38.Qxf6 gxf6 39.Rb7 Rd8 40.Ra1 Be2 41.Re7 Bg4 42.Kg2 Bf5
43.Raa7 h5 44.Rac7 e5 45.f3  1-0

[Event "EuTCh"]
[Site "Leon ESP"]
[Date "2001.11.06"]
[Round "1"]
[White "O'Cinneide,M"]
[Black "Halkias,S"]
[Result "1/2-1/2"]
[WhiteElo "2249"]
[BlackElo "2519"]

1.c4 e6 2.g3 d5 3.Bg2 Nf6 4.Nf3 Be7 5.d4 c5 6.cxd5 exd5 7.O-O O-O 8.Nc3 Nc6
9.Bg5 c4 10.Ne5 Be6 11.b3 Qa5 12.Qd2 Rad8 13.bxc4 Nxe5 14.Nxd5 Qxd2 15.Nxe7+ Kh8
16.Bxd2 Nxc4 17.Bb4 Rfe8 18.d5 Nxd5 19.Nxd5 Bxd5 20.Rfd1 Be6 21.a4 Rb8 22.Rd4 a5
23.Bc3 Rec8 24.Rb1 b6 25.Bd5 Bxd5 26.Rxd5 f6 27.Bd4 Kg8 28.Rb3 Rd8 29.Rxd8+ Rxd8
30.e3 Kf7 31.Rb5 Rd6 32.Kf1 Ke6 33.Ke2 Rc6 34.f4 g6 35.e4 Nd6 36.Rxb6 Rxb6
37.Bxb6 Nxe4 38.Bxa5 Nc5 39.Bc3 Nxa4 40.Bd4 f5 41.Kd3 Kd5 42.h3 h6 43.g4 h5
44.gxf5 gxf5 45.h4 Nc5+ 46.Bxc5 Kxc5 47.Kc3 Kd5 48.Kd3  1/2-1/2

[Event "EuTCh"]
[Site "Leon ESP"]
[Date "2001.11.07"]
[Round "2"]
[White "Thorfinnsson,Br"]
[Black "Upton,T"]
[Result "1/2-1/2"]
[WhiteElo "2393"]
[BlackElo "2303"]

1.d4 d5 2.c4 e6 3.Nf3 Nf6 4.g3 Be7 5.Bg2 O-O 6.O-O dxc4 7.Qc2 a6 8.a4 Bd7
9.Qxc4 Bc6 10.Bg5 Bd5 11.Qd3 c5 12.dxc5 Nbd7 13.Nc3 Nxc5 14.Qe3 Qa5 15.Qf4 Qb6
16.Rab1 h6 17.Bxf6 Bxf6 18.Nxd5 exd5 19.a5 Qb5 20.Nd4 Bxd4 21.Qxd4 Ne4 22.Rbd1 Nf6
23.Bxd5 Rad8 24.e4 Qxa5 25.Rd3 Rd7 26.Rfd1 Rfd8 27.Qc4 Nxd5 28.Rxd5 Rxd5
29.exd5 Qb6 30.Rd2 Qd6  1/2-1/2

[Event "EuTCh"]
[Site "Leon ESP"]
[Date "2001.11.08"]
[Round "3"]
[White "Beliavsky,A"]
[Black "Lutz,C"]
[Result "0-1"]
[WhiteElo "2668"]
[BlackElo "2643"]

1.d4 Nf6 2.c4 e6 3.g3 d5 4.Nf3 Be7 5.Bg2 O-O 6.O-O dxc4 7.Qc2 a6 8.a4 Bd7
9.Qxc4 Bc6 10.Bg5 Bd5 11.Qc2 Be4 12.Qc1 h6 13.Bxf6 Bxf6 14.e3 a5 15.Nc3 Bxf3
16.Bxf3 c6 17.Rd1 Na6 18.Qc2 Nb4 19.Qe4 Qe7 20.Rd2 Rad8 21.Rad1 Rd7 22.Qg4 Rfd8
23.Ne4 b6 24.Be2 g6 25.Bc4 Bg7 26.Qe2 Nd5 27.Nc3 Qb4 28.Rc2 Nc7 29.Rdc1 c5
30.dxc5 Qxc5 31.h4 Qf5 32.Qe1 Qg4 33.Be2 Qb4 34.Bf3 Na6 35.Bc6 Rd6 36.Nb5 Qxe1+
37.Rxe1 Rd2 38.Rxd2 Rxd2 39.b3 Nc5 40.Rb1 Nd3 41.Rf1 Bf8 42.Nd4 Bc5 43.Bb5 Ne5
44.Ne2 Rb2 45.Rd1 Rxb3 46.Nf4 Rb2 47.Kf1 Ra2 48.Nd3 Ng4 49.Rc1 Kg7 50.Nxc5 bxc5
51.Be2 Nf6 52.Rxc5 Rxa4 53.Rc7 Ra1+ 54.Kg2 Ra2 55.Kf3 h5 56.Bd1 Ng4 57.Bc2 a4
58.Ke2 a3 59.f3 Ne5 60.f4 Rb2 61.fxe5 a2 62.Ra7 Rxc2+ 63.Kf3 Kh6 64.Ra8 g5
65.hxg5+ Kxg5 66.e4 f6 67.exf6 Kxf6 68.Ra5 e5 69.Ke3 Rb2 70.Kd3 Kg5  0-1

[Event "EuTCh"]
[Site "Leon ESP"]
[Date "2001.11.09"]
[Round "4"]
[White "Golubovic,B"]
[Black "Upton,T"]
[Result "1-0"]
[WhiteElo "2458"]
[BlackElo "2303"]

1.d4 d5 2.c4 e6 3.Nf3 Nf6 4.g3 Be7 5.Bg2 O-O 6.O-O dxc4 7.Qc2 a6 8.a4 Bd7
9.Qxc4 Bc6 10.Bg5 Bd5 11.Qc2 Be4 12.Qc1 a5 13.Nc3 Bd5 14.Bxf6 Bxf6 15.e4 Bc4
16.Rd1 Nc6 17.Qe3 Nb4 18.Rd2 c6 19.h4 Qc7 20.Bf1 Bxf1 21.Rxf1 Rad8 22.Rfd1 Qb6
23.Qf4 c5 24.d5 exd5 25.exd5 Rd7 26.Ne4 Re8 27.d6 Bd4 28.Nxd4 cxd4 29.Nf6+ gxf6
30.Qg4+  1-0

[Event "EuTCh"]
[Site "Leon ESP"]
[Date "2001.11.09"]
[Round "4"]
[White "Quinn,M"]
[Black "Dervishi,E"]
[Result "1-0"]
[WhiteElo "2387"]
[BlackElo "2501"]

1.d4 Nf6 2.c4 e6 3.Nf3 d5 4.g3 Be7 5.Bg2 O-O 6.O-O dxc4 7.Qc2 a6 8.a4 Bd7
9.Qxc4 Bc6 10.Nc3 b5 11.Qd3 b4 12.Nb1 Be4 13.Qc4 Nc6 14.a5 Bd5 15.Qd3 b3
16.Bd2 Qb8 17.Nc3 Nb4 18.Nxd5 Nbxd5 19.Ne5 c5 20.e4 Nb4 21.Bxb4 Qxb4 22.Nc6 Qb7
23.e5 Nd5 24.Nxe7+ Qxe7 25.dxc5 Qxc5 26.Rfc1 Qb4 27.Bxd5 exd5 28.Rc3 Qe7
29.Qxd5 Rad8 30.Qe4 Rb8 31.Rc6 Rb5 32.e6 fxe6 33.Rxa6 Rbf5 34.Rf1 Qc5 35.Qxe6+ Kh8
36.Qe2 h5 37.Rb6 Qd5 38.a6 Re5 39.Qd1 Qa5 40.Qxb3 Re1 41.Qb4 Rxf1+ 42.Kxf1 Qf5
43.Qxf8+  1-0

[Event "2nd It"]
[Site "Odivelas POR"]
[Date "2001.11.14"]
[Round "9"]
[White "Luyks,M"]
[Black "Pina,Vl"]
[Result "1/2-1/2"]
[WhiteElo "2153"]
[BlackElo "2195"]

1.d4 Nf6 2.c4 e6 3.g3 d5 4.Nf3 Be7 5.Bg2 O-O 6.O-O c6 7.Qc2 b6 8.Nbd2 Bb7
9.Rd1 Nbd7 10.b3 a5 11.e4 Rc8 12.Bb2 Qc7 13.Rac1 dxe4 14.Nxe4 Nxe4 15.Qxe4 c5
16.d5 Bf6 17.Qc2 exd5 18.cxd5 Rcd8 19.d6 Qb8  1/2-1/2

[Event "EuTChw"]
[Site "Leon ESP"]
[Date "2001.11.15"]
[Round "9"]
[White "Kachiani,K"]
[Black "Bojkovic,N"]
[Result "1/2-1/2"]
[WhiteElo "2455"]
[BlackElo "2452"]

1.d4 Nf6 2.c4 e6 3.g3 d5 4.Nf3 Be7 5.Bg2 O-O 6.O-O dxc4 7.Qc2 a6 8.a4 Bd7
9.Qxc4 Bc6 10.Bg5 Bd5 11.Qd3 c5 12.Nc3 Bc6 13.Rfd1 cxd4 14.Nxd4 Bxg2 15.Kxg2 Nbd7
16.Qf3 Rb8 17.Bxf6 Bxf6 18.Ne4 Qe7 19.Qa3 Rfd8 20.Nxf6+ Qxf6 21.Nf3 Ne5  1/2-1/2

[Event "ch-Balkan"]
[Site "Istanbul TUR"]
[Date "2001.11.19"]
[Round "1"]
[White "Rama,L"]
[Black "Miladinovic,I"]
[Result "1-0"]
[WhiteElo "2311"]
[BlackElo "2495"]

1.c4 e6 2.d4 d5 3.Nf3 Nf6 4.g3 Be7 5.Bg2 O-O 6.O-O c6 7.b3 Nbd7 8.Qc2 b6
9.Rd1 Ba6 10.Nbd2 Rc8 11.e4 c5 12.exd5 exd5 13.Nf1 b5 14.Ne3 bxc4 15.bxc4 cxd4
16.Nxd4 Bxc4 17.Nxc4 Rxc4 18.Qb3 Nc5 19.Qf3 Nce4 20.Be3 Nc3 21.Rd3 Nfe4 22.Nb3 Bf6
23.Bd4 Bxd4 24.Nxd4 Qb6 25.Nf5 Qf6 26.Re1 Rd8 27.Ne3 Rcc8 28.Nxd5 Nxd5 29.Qxe4 Nc3
30.Rxd8+ Qxd8 31.Qe7 a5 32.a3 g6 33.Qe5 Qd2 34.h4 h5 35.Bf3 Nb5 36.Rd1 Qc3
37.Qxc3 Rxc3 38.a4 Nc7 39.Kg2 Rc5 40.Be2 Kf8 41.Rd6 Ke7 42.Rb6 Kd7 43.Kf3  1-0

[Event "ch-NR"]
[Site "Novosibirsk RUS"]
[Date "2001.11.21"]
[Round "9"]
[White "Itkin,D"]
[Black "Novikova,A"]
[Result "1-0"]
[WhiteElo "2241"]
[BlackElo "2249"]

1.d4 e6 2.Nf3 d5 3.g3 Nf6 4.Bg2 Be7 5.c4 O-O 6.Qc2 dxc4 7.Qxc4 a6 8.Bf4 Nd5
9.Nc3 b5 10.Qd3 Nxf4 11.gxf4 Ra7 12.Qe3 c5 13.dxc5 Qa5 14.O-O Rc7 15.Ne4 Nd7
16.Rfc1 Bb7 17.Nfd2 Bxe4 18.Nxe4 Rfc8 19.Nd6 Bxd6 20.cxd6 Rc4 21.b3 Rc3 22.Rxc3 Rxc3
23.Qa7 Nf8 24.Qb8  1-0